Active NBA Coaches Who Have Won Finals - Statistics

General Stats
  • This quiz has been taken 8 times
  • The average score is 7 of 8
Answer Stats
Wins Finals Team Team Now Coach % Correct
1 BOS MIL Doc Rivers
100%
2 MIA MIA Erik Spoelstra
100%
4 GSW GSW Steve Kerr
100%
1 BOS BOS Joe Mazzulla
88%
1 CLE LAC Tyronn Lue
88%
1 DAL,IND IND Rick Carlisle
75%
1 TOR PHI Nick Nurse
63%
1 OKL OKL Mark Daigneault
50%
No matching quizzes found
Score Distribution
Percent of People with Each Score
Percentile by Number Answered
Your Score History
You have not taken this quiz